TENWEK HOSP HOME | SOC  | ASK A LIBRARIANSTAFF LOGIN  |  DIGITAL REPOSITORYe-BOOK PORTAL  |  OFF-CAMPUS PORTAL  |  DONATE

Beyond the wall : (Record no. 584)

MARC details
000 -LEADER
fixed length control field 01135cam a2200325 a 4500
001 - CONTROL NUMBER
control field 2790156
003 - CONTROL NUMBER IDENTIFIER
control field Ke-BoTe
005 - DATE AND TIME OF LATEST TRANSACTION
control field 20211130102728.0
008 - FIXED-LENGTH DATA ELEMENTS--GENERAL INFORMATION
fixed length control field 811116s1982 cau b 000 0aeng
010 ## - LIBRARY OF CONGRESS CONTROL NUMBER
LC control number 81084567
020 ## - INTERNATIONAL STANDARD BOOK NUMBER
International Standard Book Number 0830708065 (pbk.)
040 ## - CATALOGING SOURCE
Original cataloging agency DLC
Transcribing agency DLC
Modifying agency DLC
043 ## - GEOGRAPHIC AREA CODE
Geographic area code ee-----
050 00 - LIBRARY OF CONGRESS CALL NUMBER
Classification number BV2372.P38
Item number A33 1982
082 00 - DEWEY DECIMAL CLASSIFICATION NUMBER
Classification number 272/.9
-- B
Edition number 19
100 1# - MAIN ENTRY--PERSONAL NAME
Personal name Paulson, Hank.
9 (RLIN) 1297
245 10 - TITLE STATEMENT
Title Beyond the wall :
Remainder of title the people communism can't conquer /
Statement of responsibility, etc. Hank Paulson, with Don Richardson.
260 ## - PUBLICATION, DISTRIBUTION, ETC.
Place of publication, distribution, etc. Ventura, CA :
Name of publisher, distributor, etc. Regal Books,
Date of publication, distribution, etc. c1982.
300 ## - PHYSICAL DESCRIPTION
Extent 173 p. ;
Dimensions 21 cm.
504 ## - BIBLIOGRAPHY, ETC. NOTE
Bibliography, etc. note Includes bibliographical references.
600 10 - SUBJECT ADDED ENTRY--PERSONAL NAME
Personal name Paulson, Hank.
9 (RLIN) 1297
630 00 - SUBJECT ADDED ENTRY--UNIFORM TITLE
Uniform title Bible
General subdivision Publication and distribution
Geographic subdivision Communist countries.
9 (RLIN) 1298
650 #0 - SUBJECT ADDED ENTRY--TOPICAL TERM
Topical term or geographic name entry element Evangelists
Geographic subdivision United States
General subdivision Biography.
9 (RLIN) 425
650 #0 - SUBJECT ADDED ENTRY--TOPICAL TERM
Topical term or geographic name entry element Persecution
Geographic subdivision Communist countries
General subdivision History
Chronological subdivision 20th century.
9 (RLIN) 1299
650 #0 - SUBJECT ADDED ENTRY--TOPICAL TERM
Topical term or geographic name entry element Communism and Christianity.
9 (RLIN) 1300
651 #0 - SUBJECT ADDED ENTRY--GEOGRAPHIC NAME
Geographic name Communist countries
General subdivision Church history.
9 (RLIN) 1301
700 1# - ADDED ENTRY--PERSONAL NAME
Personal name Richardson, Don,
Dates associated with a name 1935-
9 (RLIN) 1302
906 ## - LOCAL DATA ELEMENT F, LDF (RLIN)
a 7
b cbc
c orignew
d 1
e opcn
f 19
g y-gencatlg
942 ## - ADDED ENTRY ELEMENTS (KOHA)
Source of classification or shelving scheme Library of Congress Classification
Koha item type Books
Suppress in OPAC No
Holdings
Withdrawn status Lost status Source of classification or shelving scheme Damaged status Not for loan Collection code Home library Current library Shelving location Date acquired Total Checkouts Full call number Barcode Date last seen Price effective from Koha item type
    Library of Congress Classification     Non-fiction SCHOOL OF CHAPLAINCY SCHOOL OF CHAPLAINCY General Stacks 30.11.2021   BV2372.P38A33 1982 3311302021 30.11.2021 30.11.2021 Books